| 000 | 00536nam a22001697a 4500 | ||
|---|---|---|---|
| 005 | 20260330111925.0 | ||
| 008 | 260330b |||||||| |||| 00| 0 eng d | ||
| 020 | _a978-93-5696-493-8 | ||
| 100 | _aGOLWALLA, ASPI F. | ||
| 245 |
_aGOLWALLA'S MEDICINE FOR STUDENTS _bA REFERENCE BOOK FOR THE FAMILY PHYSICIAN |
||
| 260 |
_aNEW DELHI _bJAYPEE BROTHERS MEDICAL PUBLISHERS _c2024 |
||
| 300 | _aXXI, 1064P. | ||
| 500 | _aINCLUDES INDEX | ||
| 650 | _aINTERNAL MEDICINE OUTLINES, SYLLABI | ||
| 700 | _aGOLWALLA, SHARUKH | ||
| 942 |
_2lcc _cBK |
||
| 999 |
_c216893 _d216893 |
||